[Event "España ch-2015 sub-16"]
[Site "Salobreña ESP"]
[Date "2015.07.20"]
[Round "1.1"]
[White "Lopez Mulet, Iñigo"]
[Black "Represa Perez, Mireya"]
[Result "1/2-1/2"]
[WhiteElo "2345"]
[BlackElo "1836"]
[PlyCount "81"]
[EventDate "2015.07.20"]
[EventType "swiss"]
[EventRounds "9"]
[EventCountry "ESP"]
[Source "lmi"]
[SourceDate "2015.07.20"]

1. d4 d5 2. c4 c6 3. Nf3 Nf6 4. g3 Bg4 5. Ne5 Bf5 6. cxd5 cxd5 7. Nc3 e6 8. e4
dxe4 9. Bb5+ Nfd7 10. g4 Bg6 11. h4 f6 12. h5 fxe5 13. hxg6 Bb4 14. Be3 Qa5 15.
Rxh7 O-O 16. g5 Bxc3+ 17. bxc3 Rf3 18. Qb3 Nf8 19. Kd2 Qb6 20. Rh2 Nxg6 21.
dxe5 Rxe3 22. fxe3 Nxe5 23. Ke2 Nf3 24. Rh3 Na6 25. Rd1 Nc5 26. Qb4 a5 27. Qb1
Nxg5 28. Rg3 Nf3 29. Rg2 Rc8 30. a4 Qc7 31. Qa2 Qe5 32. Rd4 Qh5 33. Rxe4 Ng5+
34. Reg4 Nce4 35. Ke1 Nf3+ 36. Kf1 Qh1+ 37. Rg1 Nfd2+ 38. Ke1 Nf3+ 39. Kf1
Nfd2+ 40. Ke1 Nf3+ 41. Kf1 1/2-1/2

[Event "España ch-2015 sub-16"]
[Site "Salobreña ESP"]
[Date "2015.07.20"]
[Round "1.2"]
[White "Aliane Diez, Aaron"]
[Black "Plazuelo Pascual, Juan"]
[Result "0-1"]
[WhiteElo "1834"]
[BlackElo "2335"]
[PlyCount "80"]
[EventDate "2015.07.20"]
[EventType "swiss"]
[EventRounds "9"]
[EventCountry "ESP"]
[Source "lmi"]
[SourceDate "2015.07.20"]

1. d4 Nf6 2. c4 e6 3. Nf3 Bb4+ 4. Bd2 Qe7 5. g3 Bxd2+ 6. Nbxd2 d6 7. e4 e5 8.
d5 a5 9. b3 Bg4 10. Bg2 Nbd7 11. a3 Nc5 12. Qc2 h5 13. Rb1 g6 14. Rb2 Kf8 15.
O-O Kg7 16. b4 Na6 17. Rc1 axb4 18. axb4 c5 19. dxc6 bxc6 20. c5 dxc5 21. bxc5
Nd7 22. Qc3 Naxc5 23. Rbc2 Rhc8 24. Qe3 Bxf3 25. Bxf3 Ra5 26. Nc4 Rb5 27. Rc3
Ne6 28. Qa7 Rc7 29. Qa8 Nd4 30. Bd1 Nb6 31. Nxb6 Rxb6 32. Ra3 Rb2 33. Ra2 Qg5
34. Rca1 Rxa2 35. Qxa2 h4 36. Qa5 Qe7 37. Qd2 c5 38. Ra8 c4 39. Qc3 Qc5 40. Kg2
Qc6 0-1

[Event "España ch-2015 sub-16"]
[Site "Salobreña ESP"]
[Date "2015.07.20"]
[Round "1.3"]
[White "Santos Ruiz, Miguel"]
[Black "Rodriguez Izquierdo, Luis"]
[Result "1-0"]
[WhiteElo "2329"]
[BlackElo "1828"]
[PlyCount "63"]
[EventDate "2015.07.20"]
[EventType "swiss"]
[EventRounds "9"]
[EventCountry "ESP"]
[Source "lmi"]
[SourceDate "2015.07.20"]

1. e4 c5 2. Nf3 e6 3. g3 d5 4. exd5 exd5 5. d4 Nc6 6. Bg2 c4 7. O-O Be7 8. b3
cxb3 9. axb3 Nf6 10. c4 O-O 11. Nc3 Bf5 12. Ne5 Nb4 13. Ba3 Bc2 14. Qd2 Bxb3
15. c5 Nc2 16. Rab1 Nxa3 17. Rxb3 Nc4 18. Nxc4 dxc4 19. Rb2 Rb8 20. Rd1 b6 21.
Qe2 Re8 22. Qxc4 bxc5 23. Rxb8 Qxb8 24. dxc5 Rc8 25. c6 Bd8 26. Rxd8+ Rxd8 27.
c7 Qc8 28. cxd8=R+ Qxd8 29. Nd5 Nd7 30. Qa6 Qb8 31. Ne7+ Kf8 32. Nc6 1-0

[Event "España ch-2015 sub-16"]
[Site "Salobreña ESP"]
[Date "2015.07.20"]
[Round "1.4"]
[White "Losa Ordonez, Juan Jose"]
[Black "Perez Garcia, Alejandro"]
[Result "0-1"]
[WhiteElo "1822"]
[BlackElo "2322"]
[PlyCount "106"]
[EventDate "2015.07.20"]
[EventType "swiss"]
[EventRounds "9"]
[EventCountry "ESP"]
[Source "lmi"]
[SourceDate "2015.07.20"]

1. e4 c6 2. d4 d5 3. exd5 cxd5 4. Bd3 Nc6 5. c3 Nf6 6. Bf4 g6 7. Nf3 Bg7 8. O-O
O-O 9. Re1 Re8 10. Nbd2 Nh5 11. Bg5 Qd6 12. Nf1 Be6 13. Qd2 f6 14. Bh6 Bf7 15.
Ng3 Bxh6 16. Qxh6 Qf4 17. Qxf4 Nxf4 18. Bb5 Rac8 19. Ne2 Nxe2+ 20. Rxe2 a6 21.
Bxc6 Rxc6 22. Rae1 Rc7 23. Re3 Kg7 24. Nd2 g5 25. g4 h5 26. h3 Kg6 27. Kg2 e6
28. Kg3 h4+ 29. Kg2 Bg8 30. Nf3 Rec8 31. Kf1 b5 32. Rd1 a5 33. Ke2 b4 34. Rdd3
Rb8 35. Rd2 Kf7 36. cxb4 axb4 37. Rb3 Bh7 38. a3 Rcb7 39. axb4 Rxb4 40. Rxb4
Rxb4 41. Ke3 Ke7 42. Ke2 Rb3 43. Ng1 Kd6 44. f3 e5 45. dxe5+ fxe5 46. Kf2 e4
47. fxe4 Bxe4 48. Re2 Ke5 49. Ke1 Kf4 50. Rf2+ Kg3 51. Kf1 Re3 52. Rd2 Bd3+ 53.
Ne2+ Kf3 0-1

[Event "España ch-2015 sub-16"]
[Site "Salobreña ESP"]
[Date "2015.07.20"]
[Round "1.5"]
[White "Domingo Nunez, Ruben"]
[Black "Comellas Martos, Lidia"]
[Result "1-0"]
[WhiteElo "2205"]
[BlackElo "1822"]
[PlyCount "95"]
[EventDate "2015.07.20"]
[EventType "swiss"]
[EventRounds "9"]
[EventCountry "ESP"]
[Source "lmi"]
[SourceDate "2015.07.20"]

1. e4 c5 2. Nc3 Nc6 3. g3 g6 4. Bg2 Bg7 5. d3 d6 6. f4 e6 7. Nf3 Nge7 8. O-O
O-O 9. Be3 Nd4 10. e5 Nef5 11. Bf2 dxe5 12. Nxe5 Qc7 13. Ne4 f6 14. Nc4 e5 15.
c3 Ne6 16. fxe5 fxe5 17. Qb3 Rb8 18. g4 Nh6 19. Bg3 Bd7 20. Ne3 Kh8 21. Nd5 Qd8
22. Ndf6 Rxf6 23. Nxf6 Bxf6 24. Rae1 Nf7 25. Qd5 Kg7 26. d4 cxd4 27. cxd4 Nc7
28. Qc5 b6 29. Qc2 Bb5 30. Rxf6 Kxf6 31. dxe5+ Kg7 32. e6 Nxe6 33. Bxb8 Nc5 34.
Bg3 Qd4+ 35. Kh1 Qxg4 36. Qc3+ Kg8 37. Bd5 Qd7 38. Qf3 Kg7 39. Rd1 Qe7 40. Re1
Qd7 41. Bh4 g5 42. Bf2 Nd3 43. Bd4+ Kg8 44. Bxf7+ Qxf7 45. Qa8+ Qf8 46. Qd5+
Qf7 47. Qd8+ Qf8 48. Qxg5+ 1-0

[Event "España ch-2015 sub-16"]
[Site "Salobreña ESP"]
[Date "2015.07.20"]
[Round "1.6"]
[White "Rodriguez Sanz, Ismael"]
[Black "Domingo Nunez, Alejandro"]
[Result "0-1"]
[WhiteElo "1816"]
[BlackElo "2197"]
[PlyCount "82"]
[EventDate "2015.07.20"]
[EventType "swiss"]
[EventRounds "9"]
[EventCountry "ESP"]
[Source "lmi"]
[SourceDate "2015.07.20"]

1. d4 Nf6 2. Nf3 g6 3. Nc3 d5 4. e3 Bg7 5. Bd3 O-O 6. O-O Nc6 7. b3 Bg4 8. Be2
Bxf3 9. Bxf3 e5 10. dxe5 Nxe5 11. Rb1 Nxf3+ 12. Qxf3 Re8 13. Bb2 c6 14. Ne2 Ne4
15. Bxg7 Kxg7 16. Rbd1 Qa5 17. Rfe1 Qxa2 18. Nd4 Qa5 19. Qg4 h5 20. Qf4 Qd8 21.
c4 Qf6 22. Qxf6+ Nxf6 23. c5 a5 24. Ra1 Nd7 25. Rec1 f5 26. g3 Ne5 27. Rc2 Nd3
28. Rc3 Nb4 29. Ra4 Ra6 30. Rc1 Kf6 31. Rca1 Rea8 32. Kf1 Nd3 33. R4a2 Nxc5 34.
Ke2 Ke5 35. Nf3+ Ke6 36. Nd4+ Kd6 37. h4 a4 38. b4 Nb3 39. Nxb3 axb3 40. Rxa6
Rxa6 41. Rxa6 b2 0-1

[Event "España ch-2015 sub-16"]
[Site "Salobreña ESP"]
[Date "2015.07.20"]
[Round "1.7"]
[White "Nieves Cabanes, Jose Manuel"]
[Black "De La Pena Garcia, Blanca"]
[Result "1-0"]
[WhiteElo "2180"]
[BlackElo "1808"]
[PlyCount "125"]
[EventDate "2015.07.20"]
[EventType "swiss"]
[EventRounds "9"]
[EventCountry "ESP"]
[Source "lmi"]
[SourceDate "2015.07.20"]

1. d4 Nf6 2. c4 g6 3. Nc3 Bg7 4. e4 d6 5. Nf3 O-O 6. Be2 Nbd7 7. O-O e5 8. Re1
exd4 9. Nxd4 Re8 10. f3 a5 11. Be3 Nc5 12. Qd2 Qe7 13. b3 Ne6 14. Nc2 Nh5 15.
Nd5 Qh4 16. Bf2 Qd8 17. Rad1 Be5 18. Bf1 Nhf4 19. Kh1 h5 20. Nd4 Nxd5 21. Nxe6
Bxe6 22. cxd5 Bd7 23. Rc1 b5 24. f4 Bg7 25. Bd4 Bh6 26. Bb2 b4 27. g3 h4 28.
Qd4 Kh7 29. Rc2 Bg4 30. Kg1 Bf3 31. Rf2 Bg4 32. Bb5 Rg8 33. e5 Bg7 34. Qd2 Qc8
35. exd6 cxd6 36. Bxg7 Rxg7 37. Re8 Qxe8 38. Bxe8 Rxe8 39. gxh4 f5 40. h3 Bxh3
41. Re2 Rge7 42. Rxe7+ Rxe7 43. Qd4 Bg4 44. Qf6 Re1+ 45. Kf2 Re2+ 46. Kf1 Rxa2
47. Qxd6 Bf3 48. Qe7+ Kh6 49. d6 Bc6 50. d7 Bxd7 51. Qxd7 Ra3 52. Qd5 a4 53.
bxa4 Rxa4 54. Qb3 Ra3 55. Qxb4 Rh3 56. Qe7 Rg3 57. Kf2 Rg4 58. Kf3 Rg1 59. h5
gxh5 60. Qf6+ Rg6 61. Qxf5 h4 62. Qf8+ Kh7 63. Qe7+ 1-0

[Event "España ch-2015 sub-16"]
[Site "Salobreña ESP"]
[Date "2015.07.20"]
[Round "1.8"]
[White "Vazquez Cabeza, Isaac"]
[Black "Laiz Ibanez, Hector"]
[Result "0-1"]
[WhiteElo "1805"]
[BlackElo "2180"]
[PlyCount "62"]
[EventDate "2015.07.20"]
[EventType "swiss"]
[EventRounds "9"]
[EventCountry "ESP"]
[Source "lmi"]
[SourceDate "2015.07.20"]

1. c4 Nf6 2. Nf3 e6 3. d4 b6 4. Nc3 Bb4 5. e3 Ne4 6. Qc2 Bb7 7. Bd3 f5 8. a3
Bxc3+ 9. bxc3 O-O 10. Rg1 Qf6 11. a4 d6 12. Ba3 Nd7 13. O-O-O Qh6 14. Kb1 Bc6
15. Bb2 a6 16. h3 Qh5 17. Rdf1 Ndf6 18. Be2 Qe8 19. Bd1 b5 20. a5 bxc4 21. Nd2
Rb8 22. Nxc4 Ng3 23. Nd2 Nxf1 24. Rxf1 Bxg2 25. Rg1 Bc6 26. Be2 Qc8 27. Bf3 Qb7
28. Bxc6 Qxc6 29. c4 Rb4 30. f3 Rfb8 31. e4 Qb7 0-1

[Event "España ch-2015 sub-16"]
[Site "Salobreña ESP"]
[Date "2015.07.20"]
[Round "1.9"]
[White "Garcia Martin, Marta"]
[Black "Guniaeva, Olga"]
[Result "0-1"]
[WhiteElo "2166"]
[BlackElo "1800"]
[PlyCount "122"]
[EventDate "2015.07.20"]
[EventType "swiss"]
[EventRounds "9"]
[EventCountry "ESP"]
[Source "lmi"]
[SourceDate "2015.07.20"]

1. e4 c6 2. d4 d5 3. e5 Bf5 4. Nf3 e6 5. Be2 Ne7 6. O-O Bg6 7. b3 Nf5 8. c4 Be7
9. h3 h6 10. Nc3 O-O 11. Bb2 Nd7 12. Qd2 Rc8 13. Rac1 Nb6 14. c5 Nd7 15. b4 b6
16. Ba6 Rb8 17. a4 bxc5 18. bxc5 Qa5 19. Be2 Rb7 20. Ba1 Rfb8 21. Nxd5 Qxd2 22.
Nxe7+ Nxe7 23. Nxd2 Rd8 24. Bf3 Nxe5 25. Be4 Nd3 26. Rb1 Rxb1 27. Rxb1 Nxc5 28.
Bxg6 Nxg6 29. Nc4 Nxa4 30. Rb4 Nb6 31. Nxb6 axb6 32. Kh2 b5 33. Rb3 Nf4 34. Rc3
Rd6 35. Rc2 Nd5 36. Kg3 g5 37. h4 Kg7 38. hxg5 hxg5 39. Kf3 Kg6 40. Ke4 Nf6+
41. Ke3 Ng4+ 42. Ke2 f5 43. Ra2 Nf6 44. Ra8 Nd5 45. g3 Ne7 46. Ra7 Nd5 47. Ra8
b4 48. Kd3 Nf6 49. Kc4 Ne4 50. Ra2 Rd5 51. Kxb4 Rb5+ 52. Kc4 Rb1 53. Kd3 Nxf2+
54. Rxf2 Rxa1 55. Kc4 Rc1+ 56. Kb4 Kf6 57. Rh2 Ke7 58. Rh7+ Kd6 59. Rg7 Kd5 60.
Rxg5 Rc4+ 61. Kb3 Rxd4 0-1

[Event "España ch-2015 sub-16"]
[Site "Salobreña ESP"]
[Date "2015.07.20"]
[Round "1.10"]
[White "Lerendegui Lasa, Odei"]
[Black "Lopez Rivera, Jesus"]
[Result "1-0"]
[WhiteElo "1797"]
[BlackElo "2163"]
[PlyCount "142"]
[EventDate "2015.07.20"]
[EventType "swiss"]
[EventRounds "9"]
[EventCountry "ESP"]
[Source "lmi"]
[SourceDate "2015.07.20"]

1. e4 e6 2. Nc3 d5 3. Nf3 Nf6 4. e5 Nfd7 5. d4 c5 6. dxc5 Bxc5 7. Bd3 Nc6 8.
Bf4 Qb6 9. O-O a6 10. Qe2 Nd4 11. Nxd4 Bxd4 12. Nd1 Nc5 13. c3 Nxd3 14. Qxd3
Bc5 15. Qg3 Bf8 16. Be3 Qc7 17. f4 g6 18. Nf2 h5 19. Nd3 Bd7 20. Rfd1 Bb5 21.
Qf2 Rc8 22. Bb6 Qc6 23. Qe3 Be7 24. Nb4 Qd7 25. Nd3 Bc4 26. Bc5 Bxc5 27. Nxc5
Qb5 28. b4 a5 29. a3 b6 30. Nb7 Ke7 31. Nd6 Qc6 32. Nxc8+ Rxc8 33. bxa5 bxa5
34. Rab1 a4 35. Rb6 Qc7 36. f5 exf5 37. Qg5+ Kf8 38. Qf6 Kg8 39. Kh1 Qd8 40.
Qxd8+ Rxd8 41. e6 fxe6 42. Rxe6 Kf7 43. Rde1 Rd7 44. Kg1 d4 45. Rc6 Bd5 46. Rc5
d3 47. Rd1 Bb3 48. Rd2 Bc2 49. c4 Rb7 50. Kf2 Rb6 51. Ke3 Ke6 52. Kd4 g5 53.
Re5+ Kf6 54. Rb5 Re6 55. c5 Re4+ 56. Kc3 Ke6 57. c6 Rf4 58. Rb2 Bb3 59. Kxd3
Kd6 60. Rf2 Rxf2 61. Rxf2 f4 62. Ke4 Bd5+ 63. Kf5 g4 64. Kxf4 Bxc6 65. Kg5 Be8
66. Rf8 Bd7 67. Kxh5 Kc5 68. Rf4 Kd5 69. Kh4 Ke5 70. Rb4 Bc6 71. Rxg4 Kd5 1-0

[Event "España ch-2015 sub-16"]
[Site "Salobreña ESP"]
[Date "2015.07.20"]
[Round "1.11"]
[White "Escudero Manzano, Sergio"]
[Black "Lechuga Cabrero, Luis Miguel"]
[Result "1-0"]
[WhiteElo "2153"]
[BlackElo "1795"]
[PlyCount "93"]
[EventDate "2015.07.20"]
[EventType "swiss"]
[EventRounds "9"]
[EventCountry "ESP"]
[Source "lmi"]
[SourceDate "2015.07.20"]

1. e4 c5 2. Nf3 Nc6 3. d4 cxd4 4. Nxd4 Nf6 5. Nc3 e5 6. Ndb5 d6 7. Bg5 a6 8.
Na3 b5 9. Nd5 Be7 10. Bxf6 Bxf6 11. c4 b4 12. Nc2 a5 13. g3 Bg5 14. h4 Bh6 15.
Be2 Ne7 16. Nce3 Bxe3 17. Nxe3 Be6 18. Qd3 Qc7 19. O-O O-O 20. Rfd1 Rad8 21.
Rac1 Qc5 22. Rc2 Nc6 23. b3 Nd4 24. Rcd2 f5 25. Nc2 Nxc2 26. Rxc2 Qxf2+ 27.
Kxf2 fxe4+ 28. Ke3 exd3 29. Bxd3 g6 30. Be4 Kf7 31. Bd5 Ke7 32. Bxe6 Kxe6 33.
Rd5 Ra8 34. Rcd2 Ra6 35. c5 dxc5 36. Rxc5 a4 37. Rb5 axb3 38. axb3 Rc8 39. Ke4
Rc3 40. Rxe5+ Kf6 41. Rf2+ Kg7 42. Re7+ Kg8 43. Rd2 Ra8 44. Rdd7 Rxb3 45. Rg7+
Kf8 46. Rxh7 Ke8 47. Rb7 1-0

[Event "España ch-2015 sub-16"]
[Site "Salobreña ESP"]
[Date "2015.07.20"]
[Round "1.12"]
[White "Anton Quevedo, Andrea"]
[Black "Roldan Marques, Daniel"]
[Result "0-1"]
[WhiteElo "1794"]
[BlackElo "2145"]
[PlyCount "64"]
[EventDate "2015.07.20"]
[EventType "swiss"]
[EventRounds "9"]
[EventCountry "ESP"]
[Source "lmi"]
[SourceDate "2015.07.20"]

1. e4 e6 2. d4 d5 3. e5 c5 4. c3 Nc6 5. Nf3 Bd7 6. Be2 Nge7 7. Nbd2 Ng6 8. Nf1
Be7 9. Ng3 O-O 10. O-O Qb6 11. Re1 cxd4 12. cxd4 Nh4 13. Be3 Nxf3+ 14. gxf3 f5
15. Nh5 g6 16. Nf4 g5 17. Nd3 f4 18. Nc5 Nxe5 19. Bd2 Bxc5 20. dxc5 Qxc5 21.
Bc3 Ng6 22. Rc1 Qe7 23. Bf1 Qf7 24. Bh3 Rfe8 25. Qb3 e5 26. Bf1 Bc6 27. Rcd1
Rad8 28. Bd3 d4 29. Bc4 Bd5 30. Bxd5 Qxd5 31. Qxd5+ Rxd5 32. Bxd4 Red8 0-1

[Event "España ch-2015 sub-16"]
[Site "Salobreña ESP"]
[Date "2015.07.20"]
[Round "1.13"]
[White "Ortega Lopez, Mikel"]
[Black "Zuniga Arraras, Marina"]
[Result "1-0"]
[WhiteElo "2141"]
[BlackElo "1781"]
[PlyCount "61"]
[EventDate "2015.07.20"]
[EventType "swiss"]
[EventRounds "9"]
[EventCountry "ESP"]
[Source "lmi"]
[SourceDate "2015.07.20"]

1. e4 c5 2. Nf3 Nc6 3. Nc3 g6 4. d4 cxd4 5. Nxd4 Bg7 6. Be3 Nf6 7. Bc4 O-O 8.
Bb3 d5 9. exd5 Na5 10. Qf3 Bg4 11. Qg3 Nxb3 12. axb3 Qd7 13. f3 Bf5 14. O-O-O
Rfd8 15. d6 exd6 16. Qh4 Rac8 17. Bg5 h6 18. Bxf6 g5 19. Bxg5 hxg5 20. Qxg5 Bg6
21. h4 Rc5 22. Qd2 Rdc8 23. Kb1 b5 24. h5 Bxh5 25. Ne4 Rd5 26. Qf4 Qd8 27. Nf5
Rxd1+ 28. Rxd1 Be5 29. Qd2 Rc6 30. Qd5 Qc7 31. Qxc6 1-0

[Event "España ch-2015 sub-16"]
[Site "Salobreña ESP"]
[Date "2015.07.20"]
[Round "1.14"]
[White "Valdepenas Octavio, Javier"]
[Black "Orantes Taboada, Francisco"]
[Result "0-1"]
[WhiteElo "1778"]
[BlackElo "2135"]
[PlyCount "80"]
[EventDate "2015.07.20"]
[EventType "swiss"]
[EventRounds "9"]
[EventCountry "ESP"]
[Source "lmi"]
[SourceDate "2015.07.20"]

1. e4 c5 2. Nf3 Nc6 3. Nc3 g6 4. d4 cxd4 5. Nxd4 Bg7 6. Be3 Nf6 7. Bc4 O-O 8.
Bb3 d5 9. exd5 Na5 10. h3 Nxb3 11. Nxb3 b6 12. Qd2 Qd7 13. O-O-O Bb7 14. Rhe1
Rfd8 15. Bg5 Rac8 16. Kb1 Nxd5 17. Nxd5 Qxd5 18. Qxd5 Rxd5 19. Rxd5 Bxd5 20.
Rxe7 Bxg2 21. c3 Bxh3 22. Rxa7 Bf5+ 23. Kc1 b5 24. Rb7 Bd3 25. Nc5 Bc4 26. Be3
h5 27. b3 Bf1 28. Bd4 Bxd4 29. cxd4 h4 30. Re7 h3 31. Re4 Kg7 32. Rh4 Rh8 33.
Rxh8 Kxh8 34. Ne4 h2 35. Ng3 Bg2 36. Kd2 g5 37. Ke3 f5 38. f3 f4+ 39. Kf2 fxg3+
40. Kxg2 b4 0-1

[Event "España ch-2015 sub-16"]
[Site "Salobreña ESP"]
[Date "2015.07.20"]
[Round "1.15"]
[White "Mari Copa, Adria"]
[Black "Guerrero Mendez, Jesus"]
[Result "0-1"]
[WhiteElo "2136"]
[BlackElo "1768"]
[PlyCount "48"]
[EventDate "2015.07.20"]
[EventType "swiss"]
[EventRounds "9"]
[EventCountry "ESP"]
[Source "lmi"]
[SourceDate "2015.07.20"]

1. e4 e6 2. d4 d5 3. exd5 exd5 4. Bd3 Nc6 5. Ne2 Bd6 6. c3 Nge7 7. Qc2 Bg4 8.
O-O Qd7 9. Re1 O-O-O 10. b4 h5 11. Qa4 h4 12. b5 Nb8 13. Qxa7 h3 14. g3 Bf5 15.
Bxf5 Nxf5 16. f3 Rde8 17. b6 Bxg3 18. hxg3 h2+ 19. Kf2 Rxe2+ 20. Kxe2 Re8+ 21.
Kd3 Rxe1 22. bxc7 Qxc7 23. Bf4 Nd6 24. Na3 Rxa1 0-1

[Event "España ch-2015 sub-16"]
[Site "Salobreña ESP"]
[Date "2015.07.20"]
[Round "1.16"]
[White "Tabera Benitez, Sebastian"]
[Black "Esquivias Quintero, Luis Manuel"]
[Result "0-1"]
[WhiteElo "1758"]
[BlackElo "2134"]
[PlyCount "61"]
[EventDate "2015.07.20"]
[EventType "swiss"]
[EventRounds "9"]
[EventCountry "ESP"]
[Source "lmi"]
[SourceDate "2015.07.20"]

1. e4 Nf6 2. e5 Nd5 3. d4 d6 4. c4 Nb6 5. exd6 exd6 6. Nc3 Nc6 7. Be3 Be7 8.
Qf3 Be6 9. c5 dxc5 10. d5 Nxd5 11. O-O-O Nd4 12. Bxd4 cxd4 13. Rxd4 c6 14. Bc4
Bf6 15. Rd2 Bg5 16. Ne4 Bxd2+ 17. Nxd2 Qc7 18. Ne2 O-O-O 19. Kb1 Nf6 20. Bxe6+
fxe6 21. Nb3 e5 22. Rc1 Kb8 23. Nc5 Rd5 24. Qb3 Qb6 25. Qc2 Qb4 26. a3 Qd2 27.
Na6+ bxa6 28. Qxc6 Rb5 29. Rc2 Qd1+ 30. Ka2 Ng8 31. Ng1 0-1

[Event "España ch-2015 sub-16"]
[Site "Salobreña ESP"]
[Date "2015.07.20"]
[Round "1.17"]
[White "Perez Tores, Juan Miguel"]
[Black "Nunez de la Cruz, Guillermo"]
[Result "1-0"]
[WhiteElo "2129"]
[BlackElo "1757"]
[PlyCount "133"]
[EventDate "2015.07.20"]
[EventType "swiss"]
[EventRounds "9"]
[EventCountry "ESP"]
[Source "lmi"]
[SourceDate "2015.07.20"]

1. e4 c5 2. Nf3 d6 3. d4 cxd4 4. Nxd4 Nf6 5. Nc3 a6 6. a4 e5 7. Nf3 Be7 8. Bc4
Be6 9. Bxe6 fxe6 10. O-O O-O 11. a5 Nfd7 12. Be3 Nc6 13. Qd2 Nxa5 14. Ng5 Nc4
15. Qe2 Bxg5 16. Qxc4 Bxe3 17. Qxe6+ Kh8 18. fxe3 Nf6 19. Qb3 Qc7 20. Nd5 Nxd5
21. exd5 Kg8 22. c4 Rxf1+ 23. Rxf1 Rf8 24. Qb4 a5 25. Qb5 Rc8 26. b3 h6 27. Rf2
Rf8 28. Rxf8+ Kxf8 29. Kf1 Ke7 30. Ke2 b6 31. Kd3 Qc5 32. Qc6 Qb4 33. Qc7+ Kf6
34. Ke4 Qc5 35. Qd7 g6 36. Qe6+ Kg7 37. Qe7+ Kg8 38. Qf6 a4 39. Qxg6+ Kf8 40.
Qxh6+ Ke7 41. Qg7+ Kd8 42. Qf8+ Kd7 43. Qf7+ Kd8 44. bxa4 Qxc4+ 45. Kf5 Qxa4
46. Ke6 Qg4+ 47. Kxd6 Qb4+ 48. Ke6 Qg4+ 49. Qf5 Qg8+ 50. Kd6 Qg7 51. Qf3 Qe7+
52. Kc6 Qc5+ 53. Kb7 Qc7+ 54. Ka6 Qc4+ 55. Kxb6 Qc7+ 56. Kb5 Qb7+ 57. Kc4 Qa6+
58. Kc3 Qa1+ 59. Kd2 Qb2+ 60. Ke1 Qb1+ 61. Kf2 Qc2+ 62. Kg3 Qg6+ 63. Qg4 Qd3
64. Qg5+ Kd7 65. Qxe5 Qg6+ 66. Kf3 Qf7+ 67. Ke4 1-0

[Event "España ch-2015 sub-16"]
[Site "Salobreña ESP"]
[Date "2015.07.20"]
[Round "1.18"]
[White "Lechuga Cabrero, Diego"]
[Black "Chueca Lorente, Javier"]
[Result "1-0"]
[WhiteElo "1753"]
[BlackElo "2123"]
[PlyCount "73"]
[EventDate "2015.07.20"]
[EventType "swiss"]
[EventRounds "9"]
[EventCountry "ESP"]
[Source "lmi"]
[SourceDate "2015.07.20"]

1. e4 c5 2. d4 cxd4 3. c3 dxc3 4. Nxc3 Nc6 5. Nf3 a6 6. Bc4 e6 7. O-O Nge7 8.
Bg5 f6 9. Be3 Ng6 10. Bb3 Be7 11. Nd5 O-O 12. Bb6 Qe8 13. Nc7 Qf7 14. Nxa8 f5
15. exf5 Qxf5 16. Bc2 Qg4 17. h3 Qh5 18. Nh2 Qe5 19. Ng4 Qb8 20. Nc7 Bd8 21.
Bxg6 hxg6 22. Qd6 Bg5 23. Qd3 Bd8 24. Qxg6 Bxc7 25. Bxc7 Qxc7 26. Nh6+ Kh8 27.
Nf7+ Kg8 28. Ng5 Rf5 29. Qh7+ Kf8 30. Qh8+ Ke7 31. Qxg7+ Kd8 32. Rad1 Qa5 33.
Nxe6+ Ke8 34. Qg8+ Ke7 35. Ng7 Re5 36. Qe8+ Kf6 37. Rd6+ 1-0

[Event "España ch-2015 sub-16"]
[Site "Salobreña ESP"]
[Date "2015.07.20"]
[Round "1.19"]
[White "Centron Antuna, Daniel"]
[Black "Llaneza Mendez, Javier"]
[Result "1-0"]
[WhiteElo "2113"]
[BlackElo "1747"]
[PlyCount "55"]
[EventDate "2015.07.20"]
[EventType "swiss"]
[EventRounds "9"]
[EventCountry "ESP"]
[Source "lmi"]
[SourceDate "2015.07.20"]

1. d4 d5 2. c4 e6 3. Nc3 Nf6 4. Nf3 c6 5. Bg5 Nbd7 6. e3 Qa5 7. Nd2 Bb4 8. Qc2
dxc4 9. Bxf6 Nxf6 10. Nxc4 Qg5 11. a3 Be7 12. h4 Qg6 13. e4 Nd7 14. h5 Qh6 15.
Be2 O-O 16. Ne3 Nf6 17. g3 Rd8 18. O-O-O c5 19. dxc5 Rxd1+ 20. Rxd1 Bxc5 21.
Rd8+ Bf8 22. Ncd1 g6 23. Rxc8 Rxc8 24. Qxc8 Nxe4 25. hxg6 Nxf2 26. gxf7+ Kg7
27. Qc3+ Kxf7 28. Nxf2 1-0

[Event "España ch-2015 sub-16"]
[Site "Salobreña ESP"]
[Date "2015.07.20"]
[Round "1.20"]
[White "Manguez Tomas, Andres"]
[Black "Bayo Milagro, Alvaro"]
[Result "0-1"]
[WhiteElo "1740"]
[BlackElo "2109"]
[PlyCount "73"]
[EventDate "2015.07.20"]
[EventType "swiss"]
[EventRounds "9"]
[EventCountry "ESP"]
[Source "lmi"]
[SourceDate "2015.07.20"]

1. e4 e6 2. d4 d5 3. Bd3 dxe4 4. Bxe4 Nd7 5. Ne2 Ngf6 6. Bf3 e5 7. g3 Bd6 8.
O-O O-O 9. Nbc3 c6 10. Rb1 Re8 11. Bg2 Qc7 12. d5 cxd5 13. Nxd5 Nxd5 14. Bxd5
Nf6 15. Bg2 Bd7 16. Bg5 Bc6 17. Bxc6 Qxc6 18. Bxf6 gxf6 19. Nc3 Rad8 20. Qg4+
Kh8 21. Qf5 Be7 22. Rbe1 Rg8 23. Re4 Rg5 24. Qh3 Rg7 25. Rfe1 Bc5 26. Qf1 Rdg8
27. Qd3 Rg4 28. Rxg4 Rxg4 29. Ne2 Kg7 30. h3 Rg5 31. b3 e4 32. Qd2 e3 33. fxe3
Qf3 34. Rf1 Bxe3+ 35. Kh2 Qxf1 36. Qxe3 Re5 37. g4 0-1

[Event "España ch-2015 sub-16"]
[Site "Salobreña ESP"]
[Date "2015.07.20"]
[Round "1.21"]
[White "Palenciano Escolar, Adrian"]
[Black "Garcia Lopez, Alejandro"]
[Result "1-0"]
[WhiteElo "2108"]
[BlackElo "1740"]
[PlyCount "64"]
[EventDate "2015.07.20"]
[EventType "swiss"]
[EventRounds "9"]
[EventCountry "ESP"]
[Source "lmi"]
[SourceDate "2015.07.20"]

1. e4 e6 2. d4 d5 3. Nd2 Nf6 4. e5 Nfd7 5. Bd3 c5 6. c3 Nc6 7. Ne2 cxd4 8. cxd4
f6 9. exf6 Nxf6 10. Nf3 Bd6 11. O-O O-O 12. Bg5 Qe8 13. Ng3 Bxg3 14. hxg3 Qh5
15. Bxf6 Rxf6 16. Ne5 Qxd1 17. Rfxd1 Nxe5 18. dxe5 Rf7 19. f3 Bd7 20. Rac1 Bc6
21. Kf2 Rc8 22. Rd2 Rff8 23. Rdc2 Bd7 24. Ke3 g6 25. Kd4 Kf7 26. Rc7 Ke7 27.
Bb5 Rfd8 28. Rxd7+ Rxd7 29. Rxc8 Rd8 30. Ba6 b6 31. Rc7+ Ke8 32. Bf1 Ra8 1-0

[Event "España ch-2015 sub-16"]
[Site "Salobreña ESP"]
[Date "2015.07.20"]
[Round "1.22"]
[White "Gazquez Corral, Alba"]
[Black "Povill Claros, Xavier"]
[Result "0-1"]
[WhiteElo "1737"]
[BlackElo "2107"]
[PlyCount "170"]
[EventDate "2015.07.20"]
[EventType "swiss"]
[EventRounds "9"]
[EventCountry "ESP"]
[Source "lmi"]
[SourceDate "2015.07.20"]

1. e4 c6 2. d4 d5 3. Nc3 dxe4 4. Nxe4 Bf5 5. Ng3 Bg6 6. h4 h6 7. Nf3 Nd7 8. h5
Bh7 9. Bd3 Bxd3 10. Qxd3 e6 11. Bd2 Ngf6 12. O-O-O Be7 13. Kb1 Qb6 14. Ne4 Rd8
15. c3 c5 16. Be3 O-O 17. Nxf6+ Nxf6 18. Qe2 Nd5 19. Bd2 cxd4 20. Nxd4 Bf6 21.
Qg4 Bxd4 22. cxd4 Nf6 23. Qf3 Nd5 24. Qg3 Qd6 25. Qf3 b5 26. g4 f6 27. Qd3 Nf4
28. Qe4 Nd5 29. Qd3 Qd7 30. Rde1 Rde8 31. f4 Kh8 32. Rhf1 a6 33. g5 f5 34. gxh6
gxh6 35. Rg1 Rg8 36. Qh3 Rxg1 37. Rxg1 Rg8 38. Rxg8+ Kxg8 39. a3 Qg7 40. Qf1
Qxd4 41. Qc1 Kf7 42. Ka1 Ke7 43. Kb1 Qc4 44. Qd1 Qe4+ 45. Ka1 Nxf4 46. Bb4+ Ke8
47. Qc1 Qc4 48. Qe3 Nd3 49. Bc3 f4 50. Qf3 Kd7 51. Qb7+ Kd6 52. Qxa6+ Kd5 53.
Qb7+ Qc6 54. Qg7 e5 55. Qf7+ Qe6 56. Qb7+ Kc5 57. Qa7+ Qb6 58. Qe7+ Kd5 59. Qh7
Nc5 60. Qc2 Qd6 61. Bb4 Kc6 62. Bxc5 Qxc5 63. Qe4+ Qd5 64. Qg6+ Qd6 65. Qe4+
Kb6 66. Ka2 Qe6+ 67. Ka1 Qf6 68. Qf3 Kc7 69. Qc3+ Kb6 70. Qf3 Qf5 71. Qf2+ Kc6
72. Qf3+ e4 73. Qc3+ Kb6 74. Qd4+ Kc6 75. Qc3+ Qc5 76. Qf6+ Qd6 77. Qc3+ Kb6
78. Qe1 e3 79. Qf1 Qe5 80. Qe2 Qe4 81. Qe1 e2 82. Qg1+ Ka6 83. Qe1 f3 84. Ka2
f2 85. Qxf2 e1=Q 0-1